UBT Library

Politics and policy implementation in the Third World / (Record no. 41617)

000 -LEADER
fixed length control field 00698cam a2200241 i 4500
001 - CONTROL NUMBER
control field 4171055
005 - DATE AND TIME OF LATEST TRANSACTION
control field 20180202045202.0
008 - FIXED-LENGTH DATA ELEMENTS--GENERAL INFORMATION
fixed length control field 791205s1980 nju b 001 0 eng
010 ## - LIBRARY OF CONGRESS CONTROL NUMBER
LC control number 79003213
020 ## - INTERNATIONAL STANDARD BOOK NUMBER
International Standard Book Number 0691076170 :
Terms of availability $20.00
020 ## - INTERNATIONAL STANDARD BOOK NUMBER
International Standard Book Number 0691021953 (pbk.) :
Terms of availability $7.95
040 ## - CATALOGING SOURCE
Original cataloging agency DLC
Transcribing agency DLC
Modifying agency DLC
041 ## - LANGUAGE CODE
Language code of text/sound track or separate title eng
043 ## - GEOGRAPHIC AREA CODE
Geographic area code d------
080 ## - UNIVERSAL DECIMAL CLASSIFICATION NUMBER
Universal Decimal Classification number 351.007.091724 MER
082 00 - DEWEY DECIMAL CLASSIFICATION NUMBER
Classification number 351.007.091724 MER
100 ## - Rafti
Rafti 16
101 ## - Shkurtesa
Shkurtesa POL
245 00 - TITLE STATEMENT
Title Politics and policy implementation in the Third World /
Statement of responsibility, etc edited by Merilee S. Grindle.
504 ## - BIBLIOGRAPHY, ETC. NOTE
Bibliography, etc Includes bibliographical references and index.
906 ## - LOCAL DATA ELEMENT F, LDF (RLIN)
a 7
b cbc
c orignew
d 1
e ocip
f 19
g y-gencatlg
942 ## - ADDED ENTRY ELEMENTS (KOHA)
Source of classification or shelving scheme
Item type Books
Holdings
Withdrawn status Lost status Source of classification or shelving scheme Damaged status Not for loan Collection code Permanent location Current location Shelving location Date acquired Total Checkouts Full call number Barcode Date last seen Price effective from Koha item type
          Koleksioni i përgjithshem UBT - Lipjan UBT - Lipjan Koleksioni i përgjithshem 02/02/2018   351.007.091724 MER 002-2997541 02/02/2018 02/02/2018 Books
UBT Library © 2015-2024. All rights reserved University Education for Business and Technology